000 00330nam a2200145Ia 4500
008 230718s9999 xx 000 0 und d
041 _aEng.
082 _a346.53
_bAWA-S
100 _aAwan,Tariq Ambrin
245 0 _aSuccession act
260 _aPakistan
_birfan law book
_c2012
300 _a224
650 _aLaw
999 _c30306
_d30306